Re-using redundant farm buildings - planning problems (Record no. 5570)

MARC details
000 -LEADER
fixed length control field 00989cab a2200241 4500
001 - CONTROL NUMBER
control field ABS38169
008 - FIXED-LENGTH DATA ELEMENTS--GENERAL INFORMATION
fixed length control field 090401t1986 xxu||||| |||| 00| 0 eng d
035 ## - SYSTEM CONTROL NUMBER
System control number (Sirsi) u8989
041 ## - LANGUAGE CODE
Language code of text/sound track or separate title eng
100 ## - MAIN ENTRY--PERSONAL NAME
Personal name Lillington, D.
245 ## - TITLE STATEMENT
Title Re-using redundant farm buildings - planning problems
260 ## - PUBLICATION, DISTRIBUTION, ETC.
Date of publication, distribution, etc. 1986
350 ## - PRICE (NR) (BK AM CF MU VM SE) [OBSOLETE]
Price 0
490 ## - SERIES STATEMENT
Series statement Farm Management
Volume/sequential designation 6(4) Winter 1986, 159-166(8)
520 ## - SUMMARY, ETC.
Summary, etc. Looks at the utilisation of redundant farm buildings and the planning control s and legal requirements affecting their conversion to dwelling houses, holiday accommodation, craft workshops and light industrial premises. Concludes that owners of such buildings should be aware of likely restraints to conversion, and that local authorities may need to give more weight to the needs of owners.
650 ## - SUBJECT ADDED ENTRY--TOPICAL TERM
Topical term or geographic name entry element ALTERNATIVE USES
650 ## - SUBJECT ADDED ENTRY--TOPICAL TERM
Topical term or geographic name entry element REDUNDANT BUILDINGS
690 ## - LOCAL SUBJECT ADDED ENTRY--TOPICAL TERM (OCLC, RLIN)
Topical term or geographic name as entry element RURAL PRACTICE
700 ## - ADDED ENTRY--PERSONAL NAME
Personal name Carpenter, J.
700 ## - ADDED ENTRY--PERSONAL NAME
Personal name Warren, M.
942 ## - ADDED ENTRY ELEMENTS (KOHA)
Suppress in OPAC 0
948 ## - LOCAL PROCESSING INFORMATION (OCLC); SERIES PART DESIGNATOR (RLIN)
c (OCLC) 04/03/1997
Holdings
Withdrawn status Lost status Source of classification or shelving scheme Damaged status Not for loan Home library Current library Shelving location Date acquired Total Checkouts Full call number Barcode Date last seen Copy number Price effective from Koha item type
    Dewey Decimal Classification     London London Journal article 14/09/1999   ABS38169 8989-1001 06/08/2019 1 06/08/2019 Journal article